Design of experiments in chemical engineering: a practical guide

Αποθηκεύτηκε σε:
Λεπτομέρειες βιβλιογραφικής εγγραφής
Κύριος συγγραφέας: Lazic, Zivorad R (Συγγραφέας)
Μορφή: Βιβλίο
Γλώσσα:Αγγλικά
Έκδοση: Weinheim Wiley-VCH 2004
Θέματα:
Ετικέτες: Προσθήκη ετικέτας
Δεν υπάρχουν, Καταχωρήστε ετικέτα πρώτοι!

MARC

LEADER 00000nam a2200000 a 4500
001 UCK6735
003 CL-VaPUC
008 051014e20040000GW |||||||||||||||||eng|d
020 |a 3527311424 
082 0 4 |a 660.0724  |b LAZ  |2 21 
100 0 |a Lazic, Zivorad R  |e author  |9 496198 
245 1 0 |a Design of experiments in chemical engineering: a practical guide 
300 |a 610 p 
942 |c BK 
945 |d 20051014 00:00:00  |a cmena 
260 |a Weinheim  |b Wiley-VCH  |c 2004 
650 7 |a INGENIERIA QUIMICA  |2 CL-VaPUC  |9 8 
650 0 |a Diseño de experimentos  |9 260691 
650 0 |a Modelos matemáticos   |9 259437 
650 0 |a Investigación científica  |9 259857 
583 |a last modification  |c 20051014 00:00:00  |k Rodrigo Vera 
999 |c 314926  |d 314924 
952 |0 0  |1 0  |4 0  |6 660_072400000000000_LAZ_2004  |7 0  |8 A  |9 387728  |a BIBING  |b BIBING  |d 2019-11-22  |i 4174852  |o 660.0724 LAZ 2004  |p 4174852  |r 2023-03-02  |w 2019-11-22  |y BK  |k EIB